<?xml version="1.0" encoding="UTF-8"?><?xml-stylesheet type="text/xsl" href="static/style.xsl"?><OAI-PMH xmlns="http://www.openarchives.org/OAI/2.0/" xmlns:xsi="http://www.w3.org/2001/XMLSchema-instance" xsi:schemaLocation="http://www.openarchives.org/OAI/2.0/ http://www.openarchives.org/OAI/2.0/OAI-PMH.xsd"><responseDate>2026-06-02T10:39:05Z</responseDate><request verb="GetRecord" identifier="oai:riuma.uma.es:10630/9583" metadataPrefix="marc">https://riuma.uma.es/rest/oai/request</request><GetRecord><record><header><identifier>oai:riuma.uma.es:10630/9583</identifier><datestamp>2026-02-03T12:52:22Z</datestamp><setSpec>com_10630_5701</setSpec><setSpec>com_10630_3139</setSpec><setSpec>com_10630_10</setSpec><setSpec>col_10630_6950</setSpec></header><metadata><record xmlns="http://www.loc.gov/MARC21/slim" xmlns:dcterms="http://purl.org/dc/terms/" xmlns:doc="http://www.lyncode.com/xoai" xmlns:xsi="http://www.w3.org/2001/XMLSchema-instance" xsi:schemaLocation="http://www.loc.gov/MARC21/slim http://www.loc.gov/standards/marcxml/schema/MARC21slim.xsd">
   <leader>00925njm 22002777a 4500</leader>
   <datafield ind2=" " ind1=" " tag="042">
      <subfield code="a">dc</subfield>
   </datafield>
   <datafield ind2=" " ind1=" " tag="720">
      <subfield code="a">Gómez Zotano, José</subfield>
      <subfield code="e">author</subfield>
   </datafield>
   <datafield ind2=" " ind1=" " tag="260">
      <subfield code="c">2003</subfield>
   </datafield>
   <datafield ind2=" " ind1=" " tag="520">
      <subfield code="a">En este artículo hacemos un acercamiento a la geomorfología kársticas de Sierra de la Utrera, un peculiar y desconocido afloramiento calizo de estructura anticlinal situado en la Costa del Sol Occidental malagueña y en grave peligro de desaparición. Este macizo marginal representa una excepcional ocasión para el estudio y observación de la geomorfología de naturaleza kársticas, al constituirse como un verdadero holocarst de fácil acceso. Pondremos de manifiesto como su característica morfología tipo “torcal”, muy representativa dentro de la provincia de Málaga, es debida a que presenta una litología caliza sometida a una fracturación con diaclasado abundante y desarrollo de fallas normales que propicia acusados escarpes, cuevas y simas, claves en el desarrollo del karst. A ello se suma el buzamiento subhoriental de los estratos en el núcleo del anticlinal que favorece la disolución kársticas. La interpretación de los fotogramas aéreos permitirá establecer por primera vez un esquema geomorfológico del conjunto de este inusual enclave costasoleño. Analizaremos finalmente los procesos kársticos que determinan esta característica evolución superficial y subterránea que convierten a la Sierra de la Utrera en un paisaje litológico dotado de identidad propia.</subfield>
   </datafield>
   <datafield ind1="8" ind2=" " tag="024">
      <subfield code="a">Baetica 25, 2003, p. 137-158.</subfield>
   </datafield>
   <datafield ind1="8" ind2=" " tag="024">
      <subfield code="a">0212-5099</subfield>
   </datafield>
   <datafield ind1="8" ind2=" " tag="024">
      <subfield code="a">http://hdl.handle.net/10630/9583</subfield>
   </datafield>
   <datafield tag="653" ind2=" " ind1=" ">
      <subfield code="a">Karst</subfield>
   </datafield>
   <datafield tag="653" ind2=" " ind1=" ">
      <subfield code="a">Sierra de Utrera (Málaga)</subfield>
   </datafield>
   <datafield ind2="0" ind1="0" tag="245">
      <subfield code="a">Aproximación geomorfológica al karst de la Sierra de la Utrera (provincia de Málaga)</subfield>
   </datafield>
</record>
</metadata></record></GetRecord></OAI-PMH>